000 00249nam a22001217a 4500
003 SGT
082 _a336.24092
_bSIM
100 _aSIMON
245 _aSIMON INCOME TAX
260 _aLONDON
_bBUTTERWORTH
_c1952
300 _aXIX , 660
942 _2ddc
_cBK
999 _c20760
_d20760